000 004780000a22001930004500
001 003501
003 MACL
005 20150728162608.0
008 150728b xxu||||| |||| 00| 0 eng d
040 _aMACL
_cMACL
041 _aEnglish
082 _a331.31/PUN
100 _aPunecha, L.B.
_92941
245 _aChild Labour
_bA Social Evil
_cL.B. Punecha
260 _aNew Delhi
_c2006
_bAlfa Publications,
350 _a850
650 _aEconomics
_92942
942 _k331
_cBK
_2ddc
999 _c15401
_d15401